Me and the ugly three / (Record no. 21815)

000 -LEADER
fixed length control field 00449nam a22001577a 4500
003 - CONTROL NUMBER IDENTIFIER
control field OSt
005 - DATE AND TIME OF LATEST TRANSACTION
control field 20260122155734.0
008 - FIXED-LENGTH DATA ELEMENTS--GENERAL INFORMATION
fixed length control field 260122t2017 xxua|||| |||| 00| 0 eng d
020 ## - INTERNATIONAL STANDARD BOOK NUMBER
International Standard Book Number 9789710502790
040 ## - CATALOGING SOURCE
Transcribing agency CSU
100 ## - MAIN ENTRY--PERSONAL NAME
Personal name Tan, Joven
Relator term author.
245 ## - TITLE STATEMENT
Title Me and the ugly three /
Statement of responsibility, etc author by Direk Joven Tan.
260 ## - PUBLICATION, DISTRIBUTION, ETC. (IMPRINT)
Place of publication, distribution, etc Mindmaster Publishing, Inc.
Name of publisher, distributor, etc Direk Joven Tan
Date of publication, distribution, etc c2017.
300 ## - PHYSICAL DESCRIPTION
Extent 50 pages :
Other physical details color illustrations.
942 ## - ADDED ENTRY ELEMENTS (KOHA)
Source of classification or shelving scheme
Koha item type Books
Holdings
Price effective from Permanent Location Date last seen Not for loan Date acquired Source of classification or shelving scheme Koha item type Lost status Withdrawn status Copy number Source of acquisition Materials specified (bound volume or other part) Collection code Damaged status Shelving location Current Location Full call number
2026-01-22Cagayan State University - Carig Library2026-01-22 2026-01-22 Books  1Donations2026-01-22Children Section Children SectionCagayan State University - Carig LibraryCS 679 T1611 2017

Cagayan State University University Library, Carig Campus
Tuguegarao City, Cagayan 3500 | www.csucarig.edu.ph

Powered by Koha